| 000 | 00387 a2200157 4500 | ||
|---|---|---|---|
| 001 | 72874 | ||
| 020 | _a8573023511 | ||
| 040 | _cAnchieta - Colégio São Paulo | ||
| 100 | _aVerissimo, Luis Fernando | ||
| 240 | 1 | 0 |
_aComédias para se ler na escola _lpor |
| 245 | 1 | 0 | _aComédias para se ler na escola |
| 300 | _a145 | ||
| 362 | 0 | _a2001 | |
| 650 | 4 | _aCrônicas brasileiras | |
| 942 | _cBK | ||
| 999 |
_c72874 _d72874 |
||